Normal view
MARC view
- Vaz Ferreira, Carlos,
Entry Nombre Personal
001 - NUMERO DE CONTROL
- campo de control: 51382
003 - IDENTIFICADOR DE NUMERO DE CONTROL
- campo de control: UPN
005 - FECHA Y HORA DE LA ÜLTIMA TRANSACCIÓN
- campo de control: 20240315111032.0
008 - DATOS DE LONGITUD FIJA
- campo de control de longitud fija: 240315|| aca||aabn | aaa d
040 ## - FUENTE DE CATALOGACIÓN
- Agencia original de catalogación: MX-MxUPN
- Lenguaje de catalogación: spa
- Agencia de transcripción: MX-MxUPN
100 1# - ENCABEZAMIENTO - NOMBRE PERSONAL
- Nombre personal: Vaz Ferreira, Carlos,
- Fechas asociadas con el nombre: 1872-1958
670 ## - FUENTE EN LA QUE SE LOCALIZARON DATOS
- Cita de la fuente: LC, 15 marzo 2024:
- Información localizada: (Vaz Ferreira, Carlos,1872-1958)
- Uniform Resource Identifier: https://lccn.loc.gov/n80121211
902 ## - CATALOGADOR
- Catalogador: MaríaRobles/150324
